Real Decreto de 16 de abril de 1900 dictando reglas para la celebración en Madrid del primer Congreso Social y Económico Hispano americano. (Record no. 183495)

MARC details
000 -LEADER
campo de control de longitud fija 00669nam a2200169 i 4500
001 - NÚMERO DE CONTROL
campo de control 183495
003 - IDENTIFICADOR DE NÚMERO DE CONTROL
campo de control ES-MaACL
005 - FECHA Y HORA DE LA ÚLTIMA TRANSACCIÓN
campo de control 20230906221914.0
008 - DATOS DE LONGITUD FIJA--INFORMACIÓN GENERAL
campo de control de longitud fija 140704s1900 sp |||| | spa d
245 00 - MENCIÓN DEL TÍTULO
Título Real Decreto de 16 de abril de 1900 dictando reglas para la celebración en Madrid del primer Congreso Social y Económico Hispano americano.
260 ## - PUBLICACIÓN, DISTRIBUCIÓN, ETC.
Lugar de publicación, distribución, etc. Madrid :
Nombre del editor, distribuidor, etc. [s.n.],
Fecha de publicación, distribución, etc. 1900.
300 ## - DESCRIPCIÓN FÍSICA
Extensión 10 p. ;
Dimensiones 20 cm.
594 ## - Nota al título y mención de responsabilidad
Nota al título y mención de responsabilidad Precede al tit.: Ministerio de Estado.
611 24 - PUNTO DE ACCESO ADICIONAL DE MATERIA--NOMBRE DE REUNIÓN/CONGRESO
Nombre de congreso/reunión o jurisdicción como elemento de entrada Congreso social y Económico Hispanoamericano.
Fecha del congreso o de la firma del tratado 1900.
Sede del congreso/Lugar de la reunión Madrid)
9 (RLIN) 154905
710 2# - ENTRADA AGREGADA--NOMBRE DE ENTIDAD CORPORATIVA
Nombre de entidad corporativa o nombre de jurisdicción como elemento de entrada Unión Ibero-Americana.
9 (RLIN) 7037
852 ## - LOCALIZACIÓN
Ubicación ES-MaACL
Número de control de estantería T-985-F-1
Nota libre .- Donat. Francisco Silvela
Holdings
Estatus retirado Estado de pérdida Estado de daño No para préstamo Colección Biblioteca de origen Biblioteca actual Ubicación en estantería Fecha de adquisición Fuente de adquisición Total de préstamos Signatura topográfica completa Código de barras Visto por última vez Precio de reemplazo Tipo de ítem Koha
        Colección de folletos Biblioteca del Ateneo de Madrid Biblioteca del Ateneo de Madrid Depósito folletos 04/07/2014     T-985-F-1 1192871 23/02/2023 23/02/2023 Folleto